| 000 | 01519nam a2200349 a 4500 | ||
|---|---|---|---|
| 003 | EG-GiCUC | ||
| 005 | 20250223025608.0 | ||
| 008 | 090502s2008 ua d f m 000 0 eng d | ||
| 040 |
_aEG-GiCUC _beng _cEG-GiCUC |
||
| 041 | 0 | _aeng. | |
| 049 | _aDeposite | ||
| 097 | _aPh.D. | ||
| 099 | _aCai01.12.01.Ph.D.2008.Ni.S. | ||
| 100 | 0 | _aNihad Saad Abdelmotelp | |
| 245 | 1 | 0 |
_aStability of the lagrangian points against radiation pressure / _cNihad Saad Abdelmotelp ; Supervised Mostafa Kamal Mahmoud Ahmed , Monir Ahmed Hamdy |
| 246 | 1 | 5 | _aاستقرار نقاط لاجرانج تحت تأثير ضغط الإشعاع |
| 260 |
_aCairo : _bNihad Saad Abdelmotelp , _c2008 |
||
| 300 |
_a401 Leaves : _bcharts ; _c30cm. |
||
| 502 | _aThesis (Ph.D.) - Cairo University - Faculty of Science - Department of Astronomy and Meteorology | ||
| 520 | _aThe present work deals with the restricted problem of three bodies when one or the two of the primaries are radiating. The main objective is to analyze the effect of the radiation pressure on the number , location and stability of the libration points | ||
| 530 | _aIssued also as CD | ||
| 653 | 4 | _aCelestial mechanics libration points | |
| 653 | 4 | _aCollinear points | |
| 653 | 4 | _aThree body problem | |
| 700 | 0 |
_aMonir Ahmed Hamdy , _eSupervisor |
|
| 700 | 0 |
_aMostafa Kamal Mahmoud Ahmed , _eSupervisor |
|
| 856 | _uhttp://172.23.153.220/th.pdf | ||
| 902 | _a1 | ||
| 905 |
_aMustafa _eRevisor |
||
| 905 |
_aSamia _eCataloger |
||
| 942 |
_2ddc _cTH |
||
| 999 |
_c16403 _d16403 |
||